Harry Potter Pets Quiz Stats

 Plays Quiz not verified by Sporcle

Challenge
Share
Tweet
Embed
Score 0/22 Timer 05:00
0 Plays Today
Character Pet % Correct
Harry PotterHedwig
99.8%
Ron WeasleyScabbers
99%
Hermione GrangerCrookshanks
97.6%
Rubeus HagridFluffy
96.8%
Rubeus Hagrid/Sirius BlackBuckbeak/Witherwings
95.9%
Rubeus HagridFang
95.6%
Argus FilchMrs. Norris
94.9%
Albus DumbledoreFawkes
94.1%
Rubeus HagridNorbert/Norberta
93.9%
Lord VoldemortNagini
93.9%
Rubeus HagridAragog
93.2%
Character Pet % Correct
Neville LongbottomTrevor
92.7%
Weasley FamilyErrol
91.2%
Ron WeasleyPigwidgeon
87.8%
Percy WeasleyHermes
82.2%
Ginny WeasleyArnold
80.5%
Marge DursleyRipper
50.5%
Lavender BrownBinky
38.3%
Mrs. FiggMr. Tibbles
25.9%
Mrs. FiggSnowy
20%
Mrs. FiggMr. Paws
15.4%
Mrs. FiggTufty
15.1%

You're not logged in!

Compare scores with friends on all Sporcle quizzes.
Join for Free
OR
Log In

You Might Also Like...

Show Comments

Extras

Top Quizzes Today


Score Distribution

Your Account Isn't Verified!

In order to create a playlist on Sporcle, you need to verify the email address you used during registration. Go to your Sporcle Settings to finish the process.

Report this User

Report this user for behavior that violates our Community Guidelines.

Details: